Countryside Gallup poll (Record no. 68851)
[ view plain ]
| 000 -LEADER | |
|---|---|
| fixed length control field | 00950cam a2200205 4500 |
| 001 - CONTROL NUMBER | |
| control field | WB3743-22 |
| 008 - FIXED-LENGTH DATA ELEMENTS--GENERAL INFORMATION | |
| fixed length control field | 011114n2001 000 0 eng u |
| 035 ## - SYSTEM CONTROL NUMBER | |
| System control number | (Sirsi) u115600 |
| 245 ## - TITLE STATEMENT | |
| Title | Countryside Gallup poll |
| 260 ## - PUBLICATION, DISTRIBUTION, ETC. | |
| Date of publication, distribution, etc. | 2001 |
| 490 ## - SERIES STATEMENT | |
| Series statement | Green Futures |
| Volume/sequential designation | (31) November 2001, 11(1) |
| 520 ## - SUMMARY, ETC. | |
| Summary, etc. | A Gallup poll reveals that 75% of those questioned would be prepared to live in high density housing, as long as it had a rural or village setting; 63% would consider edge of town living, whilst only 23% would be interested in high density housing in cities. Strutt & Parker, who commissioned the survey, says it shows the continuing popularity of the dream of living in the countryside. Strutt & Parker web site at http://www.struttandparker.co.uk |
| 590 ## - LOCAL NOTE (RLIN) | |
| Local note | WB |
| 650 ## - SUBJECT ADDED ENTRY--TOPICAL TERM | |
| Topical term or geographic name entry element | HIGH DENSITY HOUSING |
| 650 ## - SUBJECT ADDED ENTRY--TOPICAL TERM | |
| Topical term or geographic name entry element | COUNTRYSIDE |
| 650 ## - SUBJECT ADDED ENTRY--TOPICAL TERM | |
| Topical term or geographic name entry element | GALLUP POLL |
| 650 ## - SUBJECT ADDED ENTRY--TOPICAL TERM | |
| Topical term or geographic name entry element | GREENFIELD DEVELOPMENT |
| 690 ## - LOCAL SUBJECT ADDED ENTRY--TOPICAL TERM (OCLC, RLIN) | |
| Topical term or geographic name as entry element | HOUSING-DEVELOPMENT |
| 942 ## - ADDED ENTRY ELEMENTS (KOHA) | |
| Suppress in OPAC | 0 |
| Withdrawn status | Lost status | Source of classification or shelving scheme | Damaged status | Not for loan | Home library | Current library | Shelving location | Date acquired | Total Checkouts | Full call number | Barcode | Date last seen | Copy number | Price effective from | Koha item type |
|---|---|---|---|---|---|---|---|---|---|---|---|---|---|---|---|
| Dewey Decimal Classification | London | London | News article | 14/11/2001 | WB3743-22 | 115600-1001 | 06/08/2019 | 1 | 06/08/2019 | Journal article |